000 00383 a2200169 4500
001 69864
020 _a9788574727134
040 _cAnchieta - Itaigara
100 _aLenzi, Cosell
240 1 0 _aMuitas maneiras de viver
_lpor
245 1 0 _aMuitas maneiras de viver
300 _a32
362 0 _a2008
440 1 _aPositivo
650 4 _aLiteratura infanto-juvenil
942 _cBK
999 _c69864
_d69864